00858nam a2200181 a 4500003000200000005001700002008004100019050003000060100004500090245017500135260009200310300004800402504004100450650002900491650005100520650005800571650004700629020250609143750.0021115s19uu xx 00 eng d aPGS LC 1099.3b.D564 1999 aDiestro, Christine del Feliz Valderrama. aBenefits of the students about their experience in the global village program of Southville International School S.Y. 1998-1999 /cChristine del Feliz Valderrama Diestro. aLas Piñas City, Philippines : bSouthville International School and Colleges,c1999. a28 pages :bcolored illustrations ;c28 cm. aIncludes bibliographical references. aIntercultural education. aMulticultural educationvProgramsvEvaluation. aCultural awarenessvStudy and teaching (Elementary).  a Language and culturevStudy and teaching.